| 000 | 00936nam a2200265 i 4500 | ||
|---|---|---|---|
| 001 | 179532 | ||
| 003 | ES-MaACL | ||
| 005 | 20230921194430.0 | ||
| 008 | 111221s2008 sp ab |||| | spa d | ||
| 020 | _a978-84-9802-684-9 | ||
| 080 | _a930.85".../04":001.94 | ||
| 100 | 1 |
_aZapico Maroto, Luis. _9148944 |
|
| 245 | 1 | 3 |
_aEl libro de las destrucciones / _cLuis Zapico Maroto, Hortensia Landrove. |
| 250 | _a1ª ed. | ||
| 260 |
_aMadrid : _bEntrelíneas, _c2008. |
||
| 300 |
_a241 p. : _bil., mapa ; _c21 cm. |
||
| 500 | _aÍndice. | ||
| 650 | 4 |
_aCivilización antigua- _xInfluencia extraterrestre. _9148772 |
|
| 700 | 1 |
_aLandrove, Hortensia. _9148773 |
|
| 852 |
_aES-MaACL _jA-11734 _9186429 _bR.146741 _cDEPO1 _dOlim: N-4739 _xDonación: Luis Zapico Maroto y Hortensia Landrove |
||
| 903 |
_9148773 _aLandrove, Hortensia _ednr |
||
| 903 |
_9148944 _aZapico Maroto, Luis _ednr |
||
| 942 |
_2udc _cMONOGRAFIA |
||
| 999 |
_c179532 _d179532 |
||